00475nam a2200193 a 4500001001300000003000900013005001700022008004100039020001000080082001500090100002300105245002200128260003600150300000900186500003500195505000800230650002000238700002300258nice12345678IN_TiNIC20260116011612.0050524s1965 deoa grp 000 0 urd  ac2.500a297.8bMAU aMaududi, Abul Aala aIlzamat Ka Jaaiza aDeobandbMaktaba Taiyyabac1965 a188p aincludes index and biblioraphy2 aIll aJamaat-E-Islami1 aMaududi, Abul Aala